| 000 | 00424nam a2200157Ia 4500 | ||
|---|---|---|---|
| 003 | OSt | ||
| 005 | 20230526155730.0 | ||
| 008 | 211028s2016 xx 000 0 und d | ||
| 040 | _cAIMIT LIBRARY | ||
| 041 | _aeng | ||
| 100 |
_aPhilip, Kiran; Lasrado, Suman Antony. _98638 _e141912 |
||
| 110 |
_aSuman Antony Lasrado _98639 |
||
| 245 | _aFinancial asset management system. | ||
| 260 |
_aMangalore _c2016 |
||
| 942 |
_2ddc _cPRO |
||
| 999 |
_c219988 _d219988 |
||